[Event "Serbian Republic op-ch"]
[Site "Prijedor"]
[Date "2013.12.14"]
[Round "5"]
[White "Jakovljevic, Vlado"]
[Black "Elez, Sinisa"]
[Result "1-0"]
[WhiteElo "2417"]
[BlackElo "2151"]
[PlyCount "82"]
[EventDate "2013.12.12"]
[EventType "swiss"]
[EventRounds "7"]
[EventCountry "BIH"]
[SourceTitle "CBM 158 Extra"]
[Source "ChessBase"]
[SourceDate "2014.02.28"]
[SourceVersion "1"]
[SourceVersionDate "2014.02.28"]
[SourceQuality "1"]

1. Nf3 Nf6 2. c4 e6 3. Nc3 Bb4 4. Qc2 0-0 5. a3 Be7 6. d4 d5 7. Bg5 Nbd7 8. e3 h6 9. Bh4 c5 10. dxc5 dxc4 11. Bxc4 Bxc5 12. 0-0 a6 13. Rfd1 Qc7 14. Bg3 Qc6 15. Bd3 Be7 16. e4 Nh5 17. e5 Nxg3 18. hxg3 Kh8 19. Rac1 Qb6 20. Na4 Qa7 21. Be4 f5 22. exf6 Bxf6 23. Qe2 Nb6 24. Nxb6 Qxb6 25. b4 e5 26. Bb1 Be6 27. Rc5 Bg8 28. Nxe5 Bxe5 29. Rxe5 Rf6 30. Rd2 a5 31. b5 Rc8 32. Be4 Rcf8 33. Bf3 Qc7 34. Re7 Qc1+ 35. Kh2 Qxa3 36. Rdd7 Rg6 37. Qe5 Rg5 38. Qd4 Rxf3 39. gxf3 Qxf3 40. Re4 Rh5+ 41. Rh4 Qd5 1-0

[Event "BIH-chT Cup"]
[Site "Banja Vrucica"]
[Date "2013.08.17"]
[Round "8"]
[White "Jelecevic, Ivo"]
[Black "Elez, Sinisa"]
[Result "1-0"]
[WhiteElo "2198"]
[BlackElo "2137"]
[PlyCount "109"]
[EventDate "2013.08.10"]
[EventType "team-tourn"]
[EventRounds "9"]
[EventCountry "BIH"]
[SourceTitle "CBM 155 Extra"]
[Source "ChessBase"]
[SourceDate "2013.08.26"]
[SourceVersion "1"]
[SourceVersionDate "2013.08.26"]
[SourceQuality "1"]

1. e4 c5 2. Nc3 Nc6 3. Nge2 g6 4. d4 cxd4 5. Nxd4 Bg7 6. Be3 Qa5 7. Bc4 Nf6 8. 0-0 0-0 9. Bb3 d6 10. h3 Bd7 11. Re1 Rac8 12. Qd2 Ne5 13. Nd5 Qd8 14. Bg5 Nxd5 15. exd5 Re8 16. c3 f6 17. Bf4 Qa5 18. Qe2 Qa6 19. Rad1 Qxe2 20. Rxe2 a5 21. a4 Nc4 22. Rde1 Bf8 23. Bxc4 Rxc4 24. Bxd6 Kf7 25. Ba3 Rxa4 26. Ne6 Bxe6 27. Rxe6 b5 28. Ra6 f5 29. Ra7 Kf6 30. Re6+ Kf7 31. Rb6 Re4 32. f3 Re2 33. Rxb5 Bh6 34. Bc5 Rc8 35. Bd4 Bf4 36. Raxa5 Bg3 37. Ra1 Ra8 38. Rb1 h5 39. Kf1 Rc2 40. Rb6 Ra5 41. Re6 Rxd5 42. Re2 Rxe2 43. Kxe2 e5 44. Be3 Ke6 45. c4 Ra5 46. Rd1 Ra4 47. c5 e4 48. fxe4 Rxe4 49. Rd4 Be5 50. Rxe4 fxe4 51. b4 Kd5 52. b5 g5 53. c6 g4 54. Bb6 gxh3 55. gxh3 1-0

[Event "Srpska Republic-ch"]
[Site "Prijedor"]
[Date "2012.12.28"]
[Round "3"]
[White "Elez, Sinisa"]
[Black "Runic, Zoran"]
[Result "0-1"]
[WhiteElo "2123"]
[BlackElo "2389"]
[PlyCount "40"]
[EventDate "2012.12.27"]
[EventType "swiss"]
[EventRounds "7"]
[EventCountry "BIH"]
[SourceTitle "CBM 152 Extra"]
[Source "ChessBase"]
[SourceDate "2013.02.25"]
[SourceVersion "1"]
[SourceVersionDate "2013.02.25"]
[SourceQuality "1"]

1. e4 c5 2. Nf3 d6 3. d4 cxd4 4. Nxd4 Nf6 5. Nc3 g6 6. Bb5+ Nbd7 7. e5 dxe5 8. Nf3 a6 9. Bc4 Bg7 10. 0-0 0-0 11. Qe2 b5 12. Bb3 b4 13. Nd5 Nxd5 14. Bxd5 Rb8 15. a3 Nb6 16. Bb3 bxa3 17. Rxa3 Qc7 18. Re1 Nd7 19. Ba4 Rb4 20. Bxd7 Bxd7 0-1

[Event "Srpska Republic-chT 1st League"]
[Site "Banja Vrucica"]
[Date "2012.08.13"]
[Round "3"]
[White "Kuzmanovic, Slobodan"]
[Black "Elez, Sinisa"]
[Result "1/2-1/2"]
[WhiteElo "2187"]
[BlackElo "2157"]
[PlyCount "248"]
[EventDate "2012.08.11"]
[EventType "team-tourn"]
[EventRounds "7"]
[EventCountry "BIH"]
[SourceTitle "CBM 149 Extra"]
[Source "ChessBase"]
[SourceDate "2012.08.24"]
[SourceVersion "1"]
[SourceVersionDate "2012.08.24"]
[SourceQuality "1"]
[WhiteTeam "Teslic Mladost"]
[BlackTeam "Bijeljina"]
[WhiteTeamCountry "SRB"]
[BlackTeamCountry "SRB"]

1. e4 c5 2. Nf3 d6 3. d4 cxd4 4. Nxd4 Nf6 5. Nc3 g6 6. Nd5 Bg7 7. Bb5+ Bd7 8. 0-0 Nc6 9. Nxf6+ Bxf6 10. Bxc6 bxc6 11. Bh6 Qb6 12. Nf3 Qxb2 13. Rb1 Qxa2 14. Qd3 Qa5 15. Rfd1 Qh5 16. e5 Bxe5 17. Nxe5 Qxe5 18. Re1 Qd5 19. Qc3 Rg8 20. Rbd1 Qc5 21. Qf6 Be6 22. Rxe6 fxe6 23. Qxe6 Rf8 24. Bxf8 Kxf8 25. Re1 Re8 26. h4 Qd5 27. Qd7 Qf5 28. Qxc6 Qc5 29. Qd7 Qxc2 30. Re3 Qc1+ 31. Kh2 Qc8 32. Qxa7 Qd8 33. Kg1 Kg8 34. h5 gxh5 35. Rh3 Rf8 36. Rxh5 Rf6 37. Rb5 Rf8 38. Rb7 Kf7 39. Rd7 Qe8 40. Rxd6 Qa8 41. Qxa8 Rxa8 42. Rb6 Ra2 43. f3 Ra1+ 44. Kh2 Rc1 45. Kh3 Rh1+ 46. Kg4 Rh2 47. Kg3 Rh1 48. Kf2 Rh4 49. Kg3 Rh1 50. Kf4 Rh4+ 51. Kg5 Rh2 52. g3 Rh3 53. Kf4 Rh5 54. Kg4 Rh1 55. Rb5 Re1 56. Kf4 Rh1 57. Rg5 Ra1 58. Kg4 Re1 59. Rf5+ Kg6 60. Kf4 Ra1 61. Rg5+ Kf6 62. Rf5+ Kg6 63. Re5 Kf6 64. Rc5 Ra4+ 65. Ke3 Ra3+ 66. Kf2 Ra2+ 67. Kg1 Rb2 68. Rh5 Kg6 69. Re5 Kf6 70. Rc5 Ra2 71. Kf1 Rb2 72. Rh5 Kg6 73. Re5 Kf6 74. Re2 Rb1+ 75. Kg2 Rb3 76. Ra2 Rc3 77. Kf2 Rb3 78. Ra6+ Kf7 79. Kg2 Rd3 80. f4 Rb3 81. Kh3 Rb1 82. Kg4 Rb3 83. Kh4 Rf3 84. Kg4 Rb3 85. Rh6 Kg7 86. Re6 Kf7 87. Re5 Kf6 88. Rh5 Kg6 89. Rg5+ Kf7 90. Kh5 Rb6 91. Rf5+ Kg7 92. g4 Rh6+ 93. Kg5 Rh1 94. Re5 Kf7 95. Kf5 Rh6 96. g5 Rh4 97. Ra5 Rh1 98. Ra6 Rb1 99. Re6 Rb5+ 100. Re5 Rb6 101. Re3 Ra6 102. Rh3 Ra5+ 103. Kg4 Kg7 104. Rh6 Rb5 105. Re6 Kf7 106. Rh6 Kg7 107. Rh4 Ra5 108. Rh3 Rb5 109. Rh6 Ra5 110. Re6 Kf7 111. f5 Ra1 112. Re3 Rg1+ 113. Kh4 Rf1 114. Kg4 Rg1+ 115. Kf4 Rf1+ 116. Ke5 Rg1 117. Kf4 Rf1+ 118. Kg4 Rg1+ 119. Rg3 Rd1 120. Rh3 Kg7 121. Rh5 Rd4+ 122. Kg3 Rd3+ 123. Kg4 Rd4+ 124. Kg3 Rd1 1/2-1/2

[Event "SRB Central-ch op-A 4th"]
[Site "Paracin"]
[Date "2011.07.11"]
[Round "4"]
[White "Elez, Sinisa"]
[Black "Gajic, Mladen"]
[Result "0-1"]
[WhiteElo "2149"]
[BlackElo "2269"]
[PlyCount "69"]
[EventDate "2011.07.08"]
[EventType "swiss"]
[EventRounds "9"]
[EventCountry "SRB"]
[SourceTitle "CBM 143 Extra"]
[Source "ChessBase"]
[SourceDate "2011.08.29"]
[SourceVersion "1"]
[SourceVersionDate "2011.08.29"]
[SourceQuality "1"]

1. e4 Nf6 2. e5 Nd5 3. d4 d6 4. Nf3 dxe5 5. Nxe5 c6 6. Be2 Nd7 7. c4 Nc7 8. Nf3 g6 9. Nc3 Bg7 10. 0-0 0-0 11. Be3 h6 12. h3 Kh7 13. Qb3 a6 14. a4 f5 15. Rad1 Ne8 16. Rfe1 Qc7 17. Qa3 e6 18. Bf1 Rf7 19. d5 e5 20. c5 a5 21. Bc4 Rf8 22. dxc6 bxc6 23. Be6 Rb8 24. Bc1 Rb4 25. Bxd7 Bxd7 26. Na2 Rb7 27. Be3 e4 28. Nd4 Nf6 29. Nc3 Qe5 30. Nde2 Rb4 31. f4 Qe7 32. Rd6 Ne8 33. Rdd1 Rf7 34. Kh1 Bf8 35. Bf2 0-1

[Event "BIH-chT"]
[Site "Neum"]
[Date "2011.06.10"]
[Round "7.3"]
[White "Elez, Sinisa"]
[Black "Predojevic, Borki"]
[Result "0-1"]
[WhiteElo "2137"]
[BlackElo "2617"]
[PlyCount "90"]
[EventDate "2011.06.04"]
[EventType "team-tourn"]
[EventRounds "9"]
[EventCountry "BIH"]
[SourceTitle "CBM 142 Extra"]
[Source "ChessBase"]
[SourceDate "2011.06.27"]
[SourceVersion "1"]
[SourceVersionDate "2011.06.27"]
[SourceQuality "1"]
[WhiteTeam "Bijeljina"]
[BlackTeam "Sarajevo Bosna"]
[WhiteTeamCountry "BIH"]
[BlackTeamCountry "BIH"]

1. d4 Nf6 2. Nf3 d5 3. c4 e6 4. e3 Nbd7 5. Nc3 c6 6. Bd3 dxc4 7. Bxc4 b5 8. Bd3 a6 9. 0-0 c5 10. e4 cxd4 11. Nxd4 Bb7 12. Bg5 Bd6 13. Nf3 Qb8 14. Qe2 0-0 15. a3 Ng4 16. h3 Nge5 17. Rfd1 h6 18. Nxe5 Nxe5 19. Be3 Rd8 20. Rac1 Bc6 21. Bb1 Nc4 22. Bd4 Bf4 23. Rc2 Be5 24. Bxe5 Qxe5 25. Rcc1 Rxd1+ 26. Rxd1 Nxa3 27. Bd3 Qc5 28. Rc1 Nc4 29. Na2 Rd8 30. Bxc4 bxc4 31. Rxc4 Qd6 32. Nc3 Be8 33. Qe3 Qb8 34. b4 f6 35. f4 e5 36. f5 Bf7 37. Rc6 Qxb4 38. Rxa6 Qc4 39. Ra4 Qb3 40. Qc5 Qc2 41. Ra7 Rd1+ 42. Kh2 Qc1 43. Ra8+ Kh7 44. Rh8+ Kxh8 45. Qf8+ Bg8 0-1

[Event "BIH-chT"]
[Site "Neum"]
[Date "2011.06.05"]
[Round "2.3"]
[White "Elez, Sinisa"]
[Black "Trkulja, Goran"]
[Result "1-0"]
[WhiteElo "2137"]
[BlackElo "2379"]
[PlyCount "93"]
[EventDate "2011.06.04"]
[EventType "team-tourn"]
[EventRounds "9"]
[EventCountry "BIH"]
[SourceTitle "CBM 142 Extra"]
[Source "ChessBase"]
[SourceDate "2011.06.27"]
[SourceVersion "1"]
[SourceVersionDate "2011.06.27"]
[SourceQuality "1"]
[WhiteTeam "Bijeljina"]
[BlackTeam "Zenica"]
[WhiteTeamCountry "BIH"]
[BlackTeamCountry "BIH"]

1. d4 Nf6 2. Nf3 d5 3. c4 c6 4. Nc3 g6 5. e3 Bg7 6. Bd3 0-0 7. 0-0 dxc4 8. Bxc4 b5 9. Bd3 Nbd7 10. Qe2 a6 11. Rd1 Qc7 12. Bd2 c5 13. Rac1 c4 14. Bb1 Bb7 15. a3 e5 16. Nxe5 Nxe5 17. dxe5 Qxe5 18. f4 Qc5 19. Kh1 Rfe8 20. e4 h5 21. Be3 Qe7 22. e5 Ng4 23. Bg1 Bh6 24. Rd4 Rad8 25. Rcd1 Rxd4 26. Rxd4 Rd8 27. Qd2 Rxd4 28. Qxd4 g5 29. Nd5 Bxd5 30. Qxd5 gxf4 31. Qa8+ Kg7 32. Qe4 Kf8 33. Bd4 Ne3 34. Qa8+ Kg7 35. Qxa6 Qd7 36. Qf6+ Kg8 37. e6 fxe6 38. Qh8+ Kf7 39. Qh7+ Ke8 40. Qg8+ Ke7 41. Bc5+ Kf6 42. Qg6+ Ke5 43. Qxh5+ Nf5 44. Bxf5 exf5 45. Qxh6 Qd3 46. Qg7+ Ke6 47. Qe7+ 1-0

[Event "Belgrade Spring op"]
[Site "Belgrade"]
[Date "2011.03.30"]
[Round "8"]
[White "Elez, Sinisa"]
[Black "Draskovic, Milan"]
[Result "1-0"]
[WhiteElo "2133"]
[BlackElo "2058"]
[PlyCount "45"]
[EventDate "2011.03.23"]
[EventType "swiss"]
[EventRounds "9"]
[EventCountry "SRB"]
[SourceTitle "CBM 141 Extra"]
[Source "ChessBase"]
[SourceDate "2011.05.03"]
[SourceVersion "1"]
[SourceVersionDate "2011.05.03"]
[SourceQuality "1"]

1. e4 e5 2. Nf3 Nc6 3. Bb5 Nf6 4. 0-0 Bc5 5. Nxe5 Nxe5 6. d4 Ng6 7. dxc5 0-0 8. Nc3 c6 9. Bd3 d5 10. exd5 Nxd5 11. Nxd5 Qxd5 12. Bxg6 hxg6 13. Qxd5 cxd5 14. Rd1 Be6 15. Bf4 a5 16. c3 a4 17. Rd4 Rfc8 18. Bd6 Rc6 19. Rb4 Ra7 20. Rd1 d4 21. Rdxd4 Bxa2 22. Bb8 Ra8 23. Rd8+ 1-0

[Event "Senta op-A 14th"]
[Site "Senta"]
[Date "2010.07.21"]
[Round "6"]
[White "Mirkovic, Stevan"]
[Black "Elez, Sinisa"]
[Result "1-0"]
[WhiteElo "2221"]
[BlackElo "2136"]
[PlyCount "73"]
[EventDate "2010.07.17"]
[EventType "swiss"]
[EventRounds "9"]
[EventCountry "YUG"]
[SourceTitle "CBM 137 Extra"]
[Source "ChessBase"]
[SourceDate "2010.09.01"]
[SourceVersion "1"]
[SourceVersionDate "2010.09.01"]
[SourceQuality "1"]

1. Nf3 Nf6 2. c4 c5 3. d4 cxd4 4. Nxd4 e5 5. Nb5 d6 6. N1c3 a6 7. Na3 Nc6 8. g3 Be7 9. Bg2 0-0 10. 0-0 h6 11. Nc2 Be6 12. Ne3 Re8 13. b3 Qc7 14. Bb2 Rad8 15. Rc1 Qb8 16. Qd2 Bf8 17. Rfd1 Qa7 18. Ncd5 Bxd5 19. cxd5 Nb8 20. Nc4 Nbd7 21. Rc2 Nc5 22. Rdc1 Ng4 23. e4 Nf6 24. Qe3 a5 25. a3 b5 26. b4 axb4 27. axb4 Ng4 28. Qf3 bxc4 29. bxc5 Nf6 30. c6 Rb8 31. Qe2 Qa4 32. Rxc4 Qa7 33. c7 Rbc8 34. Bh3 Be7 35. Qf3 Nh7 36. Bxc8 Rxc8 37. Qf5 1-0

[Event "BIH-chT 9th"]
[Site "Bihac"]
[Date "2010.06.09"]
[Round "5"]
[White "Bogosavljevic, Boban"]
[Black "Elez, Sinisa"]
[Result "1-0"]
[WhiteElo "2531"]
[BlackElo "2112"]
[PlyCount "51"]
[EventDate "2010.06.05"]
[EventType "team-tourn"]
[EventRounds "9"]
[EventCountry "BIH"]
[SourceTitle "EXT 2019"]
[Source "ChessBase"]
[SourceDate "2018.10.10"]
[SourceVersion "1"]
[SourceVersionDate "2018.10.10"]
[SourceQuality "1"]
[WhiteTeam "Sokolac Glasinac"]
[BlackTeam "Bijeljina SK Panteri"]
[WhiteTeamCountry "BIH"]
[BlackTeamCountry "BIH"]

1. Nf3 d5 2. c4 c6 3. g3 Nf6 4. Bg2 Bf5 5. cxd5 cxd5 6. Qb3 Qc7 7. Nc3 e6 8. d3 a6 9. Bf4 Qc8 10. Na4 Nfd7 11. Rc1 Nc6 12. 0-0 Be7 13. Ne5 Ndxe5 14. Bxe5 b5 15. Nb6 Qb7 16. Nxa8 Nxe5 17. Nc7+ Kd7 18. e4 dxe4 19. dxe4 Bg4 20. f4 Nc6 21. e5 Qb6+ 22. Kh1 Nd4 23. Qe3 Bc5 24. Nxa6 Qxa6 25. Rxc5 Qa4 26. Qc3 1-0

[Event "BIH-chT 9th"]
[Site "Bihac"]
[Date "2010.06.06"]
[Round "2"]
[White "Elez, Sinisa"]
[Black "Saric, Ibro"]
[Result "0-1"]
[WhiteElo "2112"]
[BlackElo "2558"]
[PlyCount "112"]
[EventDate "2010.06.05"]
[EventType "team-tourn"]
[EventRounds "9"]
[EventCountry "BIH"]
[SourceTitle "EXT 2019"]
[Source "ChessBase"]
[SourceDate "2018.10.10"]
[SourceVersion "1"]
[SourceVersionDate "2018.10.10"]
[SourceQuality "1"]
[WhiteTeam "Bijeljina SK Panteri"]
[BlackTeam "Bihac"]
[WhiteTeamCountry "BIH"]
[BlackTeamCountry "BIH"]

1. e4 c5 2. Nc3 e6 3. Nf3 a6 4. d4 cxd4 5. Nxd4 d6 6. Bd3 Nf6 7. 0-0 b5 8. Re1 Be7 9. Qf3 Bb7 10. Qg3 0-0 11. Bh6 Ne8 12. Nf3 Nd7 13. Rad1 Kh8 14. Be3 b4 15. Nb1 Nef6 16. Nbd2 Qc7 17. Qh3 e5 18. Bg5 Nc5 19. Bxf6 Bxf6 20. Nc4 Na4 21. Nfd2 Bc8 22. Qf3 Be6 23. b3 Nc3 24. Ra1 Bg5 25. Nf1 g6 26. Qg3 Bf4 27. Qh4 Kg7 28. f3 a5 29. Qf2 Rfb8 30. a4 Bg5 31. Nfe3 Be7 32. Kh1 Qc5 33. Nd1 Qxf2 34. Nxf2 f6 35. Nd1 d5 36. Nce3 dxe4 37. fxe4 Nxd1 38. Raxd1 Bc5 39. Nc4 Bd4 40. Rf1 Rf8 41. h3 h5 42. Kh2 h4 43. Rf3 f5 44. Rff1 f4 45. Nd2 Kf6 46. Nf3 g5 47. Rde1 Rfd8 48. Kh1 g4 49. hxg4 Bxg4 50. Nxd4 Rxd4 51. Kh2 Be6 52. Rf3 Re8 53. Rb1 Rg8 54. Re1 Ke7 55. Rf2 Bxb3 56. cxb3 Rxd3 0-1